| 000 | 01346nam a2200253Ia 4500 | ||
|---|---|---|---|
| 999 |
_c63445 _d63445 |
||
| 003 | GCL | ||
| 005 | 20240530110641.0 | ||
| 008 | 140319s2002 le 000 0 ara d | ||
| 020 | _a2332974512 | ||
| 040 |
_aGCL / _cGCL |
||
| 082 | 0 | 4 |
_221 _a953.07393\ _bأ ك |
| 100 | 1 | _aابو شامة، شهاب الدين عبدالرحمن بن اسماعيل بن ابراهيم بن عثمان المقدسى الدمشقى الشافعى | |
| 245 | 1 | 0 |
_aكتاب الروضتين فى اخبار الدولتين : _bالنورية والصلاحية / _cتاليف شهاب الدين عبدالرحمن بن اسماعيل بن ابراهيم بن عثمان المقدسى الدمشقى الشافعى ؛ وضع حواشية ابراهيم شمس الدين |
| 250 | _aالاولى | ||
| 260 |
_aبيروت : _bدار الكتب العلمية، _c2002. |
||
| 300 |
_a5ج فى 3 مج ؛ _c24 سم |
||
| 505 | 0 | _aالمجلد الثالث. تراجم رجال القرنين السادس والسابع المعروف بالذيل على الروضتين | |
| 600 | 0 | _aالظاهر بيبرس | |
| 650 | 0 | 7 |
_2qrmak _aالرجال _xتراجم |
| 650 | 0 | 7 |
_2qrmak _aالدولة الايوبية _zمصر |
| 650 | 0 | 7 |
_2qrmak _aالدولة الايوبية _zالشام |
| 700 | 0 |
_aابراهيم شمس الدين _eمحقق |
|
| 942 |
_2ddc _cBK |
||